| 000 | 00833nam a2200229 i 4500 | ||
|---|---|---|---|
| 001 | 146685 | ||
| 003 | ES-MaACL | ||
| 005 | 20250916231911.0 | ||
| 007 | t| | ||
| 008 | 070914s1967 sp ||||1| spa d | ||
| 080 | _a86-32"19"(082.9) | ||
| 245 | 0 | 0 |
_aTres novelas _b: premio Valladolid 1966, 1963, 1962. |
| 260 |
_aMadrid : _bEditora Nacional, _c1967. |
||
| 300 |
_a362 p. ; _c22 cm. |
||
| 505 | 8 | _aContiene: Siete caras en una espejo, por Leopoldo Cortejoso.-- El racimo de uvas, por Jorge Ferrer Vidal Turull.-- La feria, por Rodrigo Rubio | |
| 650 | 1 | 4 |
_aNovelas espaƱolas- _xAutoras- _yS.XX. _915635 |
| 700 | 1 |
_aCortejoso Villanueva, Leopoldo. _940841 |
|
| 700 | 1 |
_aFerrer-Vidal, Jorge, _d1926- _950501 |
|
| 700 | 1 |
_aRubio, Rodrigo, _d1931-2007 _9100377 |
|
| 852 |
_aES-MaACL _jG-5577 |
||
| 999 |
_c146685 _d146685 |
||